BSOP header

Unang pambansang eksibisyon sa paggunita kina Juan Luna at Felix Resurreccion Hidalgo / (Record no. 20324)

MARC details
000 -LEADER
fixed length control field 00787nam a2200181 4500
008 - FIXED-LENGTH DATA ELEMENTS--GENERAL INFORMATION
fixed length control field 040621s1988 ph eng
090 ## - LOCALLY ASSIGNED LC-TYPE CALL NUMBER (OCLC); LOCAL CALL NUMBER (OCLC)
Classification number (OCLC) (R) ; Classification number, CALL (RLIN) (NR) T395.P5
Local cutter number (OCLC) ; Book number/undivided call number, CALL (RLIN) M56u
245 10 - TITLE STATEMENT
Title Unang pambansang eksibisyon sa paggunita kina Juan Luna at Felix Resurreccion Hidalgo /
Statement of responsibility, etc .
260 ## - PUBLICATION, DISTRIBUTION, ETC. (IMPRINT)
Place of publication, distribution, etc Manila :
Name of publisher, distributor, etc Metropolitan Museum of Manila,
Date of publication, distribution, etc c1988.
300 ## - PHYSICAL DESCRIPTION
Extent 272 p.
600 14 - SUBJECT ADDED ENTRY--PERSONAL NAME
Personal name Luna Y Novicio Juan, 1857-1899
General subdivision Exhibitions.
600 14 - SUBJECT ADDED ENTRY--PERSONAL NAME
Personal name Resurreccion Hidalgo Y Padilla, Felix Eduardo, 1855-1913
General subdivision Exhibitions.
650 #4 - SUBJECT ADDED ENTRY--TOPICAL TERM
Topical term or geographic name as entry element First National Juan Luna and Felix Resurreccion Hidalgo Commemorative Exhibition.
650 #4 - SUBJECT ADDED ENTRY--TOPICAL TERM
Topical term or geographic name as entry element Museum exhibits.
650 #4 - SUBJECT ADDED ENTRY--TOPICAL TERM
Topical term or geographic name as entry element Painting, Filipino
General subdivision Exhibitions.
651 #4 - SUBJECT ADDED ENTRY--GEOGRAPHIC NAME
Geographic name Exhibitions
Geographic subdivision Philippines.
951 ## - EQUIVALENCE OR CROSS-REFERENCE-GEOGRAPHIC NAME/AREA NAME [OBSOLETE] [CAN/MARC only]
General subdivision 00028208
951 ## - EQUIVALENCE OR CROSS-REFERENCE-GEOGRAPHIC NAME/AREA NAME [OBSOLETE] [CAN/MARC only]
-- 27167
-- T395.P5/M56u
-- 070613111401437
-- 2000-12-21
-- FIL-REF
Holdings
Withdrawn status Lost status Damaged status Not for loan Home library Current library Shelving location Date acquired Accession number Shelving control number Total Checkouts Full call number Barcode Date last seen Price effective from Koha item type
        BSOP Library BSOP Library Filipiniana Reference 12/21/2000 27167 127   T395.P5/M56u 00028208 02/23/2013 02/23/2013 Books
BSOP

Biblical Seminary of the Philippines
  All rights Reserved
  © 2024

CONTACT INFORMATION

Biblical Seminary of the Philippines,
  77-B Karuhatan Road, Valenzuela City,
  PHILIPPINES 1441
  Phone: +632 8292-6795 / 8292-6798
  Fax : +632 8292-6675
  Email: library@bsop.edu.ph